|
|
|
|
| LEADER |
04260njm a2200793 a 4500 |
| 001 |
001225463 |
| 003 |
CZ BrMZK |
| 005 |
20210309112308.0 |
| 007 |
sd fsngnnmmned |
| 008 |
120622p20121966xr mun g ef zxx d |
| 024 |
3 |
|
|a 099925411824
|
| 028 |
0 |
1 |
|a SU 4118-2
|b Supraphon
|
| 040 |
|
|
|a BOA001
|b cze
|
| 041 |
0 |
|
|g eng
|g ger
|g fre
|g cze
|
| 047 |
|
|
|a zz
|a sn
|
| 048 |
|
|
|a kc
|
| 072 |
|
7 |
|a 786
|x Hudba pro klávesové nástroje
|2 Konspekt
|9 9
|
| 080 |
|
|
|a 786.1.083
|2 MRF
|
| 080 |
|
|
|a 786.1.082.2
|2 MRF
|
| 080 |
|
|
|a (086.76)
|2 MRF
|
| 100 |
1 |
|
|a Růžičková, Zuzana,
|d 1927-2017
|7 jn19981002104
|4 cmp
|
| 245 |
1 |
0 |
|a Harpsichord music from England, Spain and Portugal
|h [zvukový záznam]
|
| 246 |
3 |
|
|i Vložka pouzdra:
|a Cembalo v Anglii, Španělsku a Portugalsku 16.-18. století
|
| 260 |
|
|
|a Praha :
|b Supraphon,
|c p2012
|
| 300 |
|
|
|a 2 zvukové desky (99:57) :
|b digital, stereo ;
|c 12 cm
|
| 306 |
|
|
|a 004743
|a 005214
|
| 500 |
|
|
|a Název z pouzdra
|
| 500 |
|
|
|a Kompaktní desky (AAD)
|
| 500 |
|
|
|a Durata: 47:43 ; 52:14
|
| 500 |
|
|
|a Původní fonogramy p1966 a p1985 Supraphon
|
| 505 |
0 |
0 |
|t Melanchioly galliard --
|t Shoemaker's wife --
|t My lady Hunsdon's puffe /
|r John Dowland --
|t Pavana /
|r Ferdinando Richardson --
|t Almand /
|r Anonym --
|t Dr. Bull's Juell --
|t In nomine --
|t Walsingham --
|t King's hunt /
|r John Bull --
|t Bonny sweet Robin /
|r John Munday --
|t Alman /
|r Thomas Morley --
|t Fall of the leafe /
|r Martin Person --
|t Galiardas passamezzo /
|r William Byrd --
|t Nobody gigge /
|r Richard Farnaby --
|t Air --
|t Canary /
|r Henry Purcell --
|t Ground /
|r Wiliam Croft --
|t Tiento --
|t Dama le demanda /
|r Antonio de Cabezón --
|t Sonáta e moll --
|t Sonáta c moll --
|t Toccata f moll /
|r José Antonio Carlos de Seixas --
|t Toccata --
|t Andante /
|r João de Sousa Carvalho --
|t Sonáta e moll --
|t Sonáta G dur --
|t Sonáta C dur --
|t Sonáta a moll --
|t Sonáta f dur --
|t Sonáta Des Dur /
|r Antonio Soler
|
| 511 |
0 |
|
|a Zuzana Růžičková, cembalo
|
| 518 |
|
|
|a Nahráno v pražském studiu Domovina v dubnu 1966 (CD 1) a v Rudolfinu v říjnu 1983 (CD 2)
|
| 650 |
0 |
7 |
|a drobné skladby (cembalo)
|7 ph317257
|2 czenas
|
| 650 |
0 |
7 |
|a sonáty (cembalo)
|7 ph125840
|2 czenas
|
| 655 |
|
7 |
|a kompaktní disky
|7 fd201991
|2 czenas
|
| 700 |
1 |
2 |
|a Dowland, John,
|d 1563-1626.
|t Mellancoly galliard
|7 aun2010595842
|
| 700 |
1 |
2 |
|a Dowland, John,
|d 1563-1626.
|t Shoemaker's wife
|
| 700 |
1 |
2 |
|a Dowland, John,
|d 1563-1626.
|t My Lady Hunsdons allmande
|7 aun2010595850
|
| 700 |
1 |
2 |
|a Richardson, Ferdinando,
|d asi 1558-1618.
|t Pavana
|
| 700 |
1 |
2 |
|a Bull, John,
|d asi 1562-1628.
|t Juell
|
| 700 |
1 |
2 |
|a Bull, John,
|d asi 1562-1628.
|t In nomine
|
| 700 |
1 |
2 |
|a Bull, John,
|d asi 1562-1628.
|t Walsingham
|
| 700 |
1 |
2 |
|a Bull, John,
|d asi 1562-1628.
|t King's Hunt
|
| 700 |
1 |
2 |
|a Mundy, John,
|d asi 1555-1630.
|t Bonny sweet Robin
|
| 700 |
1 |
2 |
|a Morley, Thomas,
|d 1557-1602.
|t Alman
|
| 700 |
1 |
2 |
|a Peerson, Martin,
|d asi 1572-1651.
|t Fall of the leafe
|
| 700 |
1 |
2 |
|a Byrd, William,
|d 1543-1623.
|t Galiardas passamezzo
|
| 700 |
1 |
2 |
|a Farnaby, Richard,
|d 1594-1623.
|t Nobodyes gige
|
| 700 |
1 |
2 |
|a Purcell, Henry,
|d 1659-1695.
|t Air
|
| 700 |
1 |
2 |
|a Purcell, Henry,
|d 1659-1695.
|t Canary
|
| 700 |
1 |
2 |
|a Croft, William,
|d 1678-1727.
|t Ground
|
| 700 |
1 |
2 |
|a Cabezón, Antonio de,
|d asi 1510-1566.
|t Tiento
|
| 700 |
1 |
2 |
|a Cabezón, Antonio de,
|d asi 1510-1566.
|t Dama le demanda
|
| 700 |
1 |
2 |
|a Seixas, Carlos,
|d 1704-1742.
|t Sonáty,
|m cembalo,
|r e moll
|
| 700 |
1 |
2 |
|a Seixas, Carlos,
|d 1704-1742.
|t Sonáty,
|m cembalo,
|r c moll
|
| 700 |
1 |
2 |
|a Seixas, Carlos,
|d 1704-1742.
|t Toccata f moll
|
| 700 |
1 |
2 |
|a Carvalho, João de Sousa,
|d 1745-1798.
|t Toccata
|
| 700 |
1 |
2 |
|a Carvalho, João de Sousa,
|d 1745-1798.
|t Andante
|
| 700 |
1 |
2 |
|a Soler, Antonio,
|d 1729-1783.
|t Sonáty,
|m cembalo,
|r e moll
|
| 700 |
1 |
2 |
|a Soler, Antonio,
|d 1729-1783.
|t Sonáty,
|m cembalo,
|r G dur
|
| 700 |
1 |
2 |
|a Soler, Antonio,
|d 1729-1783.
|t Sonáty,
|m cembalo,
|r C dur
|
| 700 |
1 |
2 |
|a Soler, Antonio,
|d 1729-1783.
|t Sonáty,
|m cembalo,
|r a moll
|
| 700 |
1 |
2 |
|a Soler, Antonio,
|d 1729-1783.
|t Sonáty,
|m cembalo,
|r F dur
|
| 700 |
1 |
2 |
|a Soler, Antonio,
|d 1729-1783.
|t Sonáty,
|m cembalo,
|r Des dur
|
| 910 |
|
|
|a BOA001
|b CDR-1286.242
|
| 990 |
|
|
|a AV
|
| 991 |
|
|
|b 201207
|g g
|
| 996 |
6 |
|
|b 2610515037
|c CDR-1286.242
|l MZK
|r Sklad / do 24 hodin
|n 1
|p p.v.
|w 001260747
|u 000010
|a 1
|e BOA001
|j MZK50
|s P
|